000 00534nam a2200193Ia 4500
008 101110s9999 xx 000 0 und d
041 _aENGLISH
082 _bSR13226
100 _aSarwate Dilip M.
245 _aIndian Cases in Marketing Management (Rev. 2nd ed.)
365 _b20
520 _aCommerce
546 _aENGLISH
630 _aIndian Cases in Marketing Management (Rev. 2nd ed.)
650 _aCommerce
655 _aCommerce
730 _aIndian Cases in Marketing Management (Rev. 2nd ed.)
942 _cBOOK
999 _c807482
_d807479